| 000 | 00566nam a22001937a 4500 | ||
|---|---|---|---|
| 003 | OSt | ||
| 005 | 20260219011317.0 | ||
| 008 | 260219b |||||||| |||| 00| 0 eng d | ||
| 020 | _a9710864785 | ||
| 040 |
_aDWCL-Main Lib _cOC |
||
| 082 | _aFil. 150 Z93 2004 | ||
| 100 | _aZulueta, Francisco M. | ||
| 245 | _aGeneral Psychology | ||
| 260 |
_aMandaluyong City, Philippines : _bNational Book Store, _cc2004. |
||
| 300 |
_axviii, 474 pages : _billustrations ; _c22 cm. |
||
| 504 | _a1. Includes glossary. | ||
| 650 | _aPsychology. | ||
| 942 |
_2ddc _cBK - FIL _mFil. _n0 |
||
| 999 |
_c8446 _d8446 |
||